Score 0/136 Timer 20:00
0 Plays Today
Work Author % Correct
'The Walrus and the Carpenter'Lewis Carroll
58.5%
'silently if, out of not knowable'e e cummings
55.4%
Life is a DreamPedro Calderón de la Barca
47.7%
ChristabelSamuel Taylor Coleridge
44.6%
'Pedicabo ego vos et irrumabo'Gaius Valerius Catullus
41.5%
'My Sweetest Lesbia'Catullus OR Thomas Campion
40%
Auto-da-Elias Canetti
38.5%
'This Lime-Tree Bower My Prison'Samuel Taylor Coleridge
38.5%
Tai-PanJames Clavell
36.9%
The House of FameGeoffrey Chaucer
35.4%
Generation X: Tales for an Accelerated CultureDouglas Coupland
35.4%
Fanny HillJohn Cleland
35.4%
Anelida and ArciteGeoffrey Chaucer
33.8%
IllywhackerPeter Carey
32.3%
Jonathan Strange & Mr NorrellSusanna Clarke
32.3%
'At the 'Cadian Ball'Kate Chopin
30.8%
CurtainAgatha Christie
29.2%
'The Witness for the Prosecution'Agatha Christie
29.2%
On the Nature of the GodsMarcus Tullius Cicero
27.7%
The Legend of Good WomenGeoffrey Chaucer
27.7%
Cloud NineCaryl Churchill
27.7%
'The Storm'Kate Chopin
27.7%
The Childhood of JesusJ. M. Coetzee
26.2%
Will You Please Be Quiet, Please?Raymond Carver
26.2%
The Double DealerWilliam Congreve
26.2%
L'Illusion ComiquePierre Corneille
26.2%
'Threnody for a Brown Girl'Countee Cullen
26.2%
White BuildingsHart Crane
24.6%
Exile and the KingdomAlbert Camus
24.6%
Crowds and PowerElias Canetti
24.6%
Biographia LiterariaSamuel Taylor Coleridge
24.6%
'The Simple Art of Murder'Raymond Chandler
24.6%
'Where I'm Calling From'Raymond Carver
24.6%
Claudine at SchoolColette
23.1%
The Adventures of PinocchioCarlo Collodi
23.1%
Parker Pyne InvestigatesAgatha Christie
23.1%
Double IndemnityJames M. Cain
21.5%
Mr. PalomarItalo Calvino
21.5%
Orphic Trilogy (director/writer)Jean Cocteau
21.5%
The Mourning BrideWilliam Congreve
21.5%
The Kingdom of This WorldAlejo Carpentier
21.5%
'Taking Off Emily Dickinson's Clothes'Billy Collins
21.5%
'Chaplinesque'Hart Crane
21.5%
'Casa tomada' ('House Taken Over')Julio Cortázar
20%
'The Nine Billion Names of God'Arthur C. Clarke
20%
You Have Seen Their FacesMargaret Bourke-White and Erskine Caldwell
20%
Work Author % Correct
'Death Fugue'Paul Celan
20%
'The Country Husband'John Cheever
18.5%
Under the Jaguar SunItalo Calvino
18.5%
JPodDouglas Coupland
18.5%
The Grandissimes: A Story of Creole LifeGeorge Washington Cable
18.5%
The Frozen Deep (with Charles Dickens)Wilkie Collins
18.5%
Eastward Ho (with Ben Jonson and John Marston)George Chapman
18.5%
'Reflections on Having Left a Place of Retirement'Samuel Taylor Coleridge
18.5%
The Book of Thoth: A Short Essay on the Tarot of the EgyptiansAleister Crowley
18.5%
'God Abandons Antony'Constantine Cavafy
18.5%
Six Memos for the Next MillenniumItalo Calvino
16.9%
Alexander's BridgeWilla Cather
16.9%
Design for LivingNoël Coward
16.9%
Reflections on the GuillotineAlbert Camus
16.9%
'Scottsboro, Too, Is Worth Its Song'Countee Cullen
16.9%
The King in YellowRobert Chambers
15.4%
No NameWilkie Collins
15.4%
The Universal Baseball Association, Inc., J. Henry Waugh, Prop.Robert Coover
15.4%
'In the Desert'Stephen Crane
15.4%
'Rothschild's Violin' (or 'Rothschild's Fiddle')Anton Chekhov
15.4%
Une Tempête (A Tempest)Aimé Césaire
15.4%
The Everlasting ManG. K. Chesterton
13.8%
Parrot and Olivier in AmericaPeter Carey
13.8%
'Homage to My Hips'Lucille Clifton
13.8%
Pictures from the Insects' Life (The Insect Play)Karel Čapek
13.8%
The Courier for HellChikamatsu Monzaemon
12.3%
'Youth'Joseph Conrad
12.3%
Black VenusAngela Carter
12.3%
Around the Day in Eighty WorldsJulio Cortázar
12.3%
The HiveCamilo José Cela
12.3%
'Neither Victims Nor Executioners'Albert Camus
12.3%
'Amy Foster'Joseph Conrad
12.3%
The Blue DahliaRaymond Chandler
12.3%
Bussy D'AmboisGeorge Chapman
12.3%
On the Harmful Effects of TobaccoAnton Chekhov
10.8%
'A Terribly Strange Bed'Wilkie Collins
10.8%
'Rinconete and Cortadillo'Miguel de Cervantes
10.8%
The VortexNoël Coward
10.8%
The Riddle of the SandsErskine Childers
10.8%
MartyPaddy Chayefsky
10.8%
AtalaFrançois-René, vicomte de Chateaubriand
10.8%
'The Latest Decalogue'Arthur Hugh Clough
9.2%
Silence: Lectures and WritingsJohn Cage
9.2%
A Tragedian in Spite of HimselfAnton Chekhov
9.2%
Werewolves in Their YouthMichael Chabon
9.2%
Woman Hollering Creek and Other StoriesSandra Cisneros
9.2%
Work Author % Correct
Loose Woman: PoemsSandra Cisneros
9.2%
In PatagoniaBruce Chatwin
9.2%
The White DiseaseKarel Čapek
9.2%
Olney Hymns William Cowper
7.7%
Savrola: A Tale of Revolution in LauraniaWinston Churchill
7.7%
The Rise of David LevinskyAbraham Cahan
7.7%
Myths to Live ByJoseph Campbell
7.7%
CallirhoeChariton of Aphrodisias
7.7%
'The Babysitter'Robert Coover
7.7%
'A Rapture'Thomas Carew
6.2%
Ghost WorldDaniel Clowes
6.2%
The High WindowRaymond Chandler
6.2%
Flowers for HitlerLeonard Cohen
6.2%
The Ballad of the White HorseG. K. Chesterton
6.2%
A Home at the End of the WorldMichael Cunningham
6.2%
Conversations with Professor YLouis-Ferdinand Céline
6.2%
The Careless HusbandColley Cibber
6.2%
Egg on MaoDenise Chong
6.2%
'The Village'George Crabbe
6.2%
Mrs. BridgeEvan S. Connell
4.6%
The American DemocratJames Fenimore Cooper
4.6%
Maps and LegendsMichael Chabon
4.6%
AdolpheBenjamin Constant
4.6%
The Human VoiceJean Cocteau
4.6%
'The Artist at Work' (or 'Jonas, or the Artist at Work')Albert Camus
4.6%
Thomas l'imposteurJean Cocteau
4.6%
'The Lagoon'Joseph Conrad
4.6%
'Neighbor Rosicky'Willa Cather
4.6%
'Sunjammer'Arthur C. Clarke
4.6%
'The Bothie of Tober-na-Vuolich'Arthur Hugh Clough
4.6%
'Big Sister is Watching You'Whittaker Chambers
4.6%
A Book of AyresThomas Campion
4.6%
Bullet ParkJohn Cheever
4.6%
'Ode to Evening'William Collins
3.1%
Killing FloorLee Child
3.1%
The Water is WidePat Conroy
3.1%
Belle du SeigneurAlbert Cohen
3.1%
April TwilightsWilla Cather
3.1%
Memoirs from Beyond the GraveFrançois-René, vicomte de Chateaubriand
3.1%
Guignol's BandLouis-Ferdinand Céline
3.1%
We Are the LivingErskine Caldwell
3.1%
The Phantom LadyPedro Calderón de la Barca
3.1%
'Gertrude of Wyoming'Thomas Campbell
0%
The BooPat Conroy
0%
Remove Ads.
Support Sporcle.
Get the best of Sporcle when you Go Orange. This ad-free experience offers more features, more stats, and more fun while also helping to support Sporcle. Thank you for becoming a member.

You're not logged in!

Compare scores with friends on all Sporcle quizzes.
OR
Log In

Show Comments

Extras

Top Quizzes Today


Score Distribution

Your Account Isn't Verified!

In order to create a playlist on Sporcle, you need to verify the email address you used during registration. Go to your Sporcle Settings to finish the process.

Report this User

Report this user for behavior that violates our Community Guidelines.

Details: